| 000 | 00791nam a2200253Ia 4500 | ||
|---|---|---|---|
| 003 | OSt | ||
| 005 | 20220923221121.0 | ||
| 006 | a|||||r|||| 00| 0 | ||
| 007 | ta | ||
| 008 | 220922b |||||||| |||| 00| 0 hin d | ||
| 024 | _a195,358 | ||
| 037 | _cTextual | ||
| 040 |
_aARTS _cARTS _bhin |
||
| 041 |
_2hin _ahin |
||
| 082 | _aR3xC67:g, 152K0 | ||
| 100 | _aशर्मा, शिवानन्द | ||
| 245 | 0 | _aअरस्तु | |
| 246 | _aArastu | ||
| 260 |
_aउत्तर प्रदेश _b सूचना विभाग _c1960 |
||
| 300 |
_a224i``0 _ccm. |
||
| 490 | _aहिन्दी समिति ग्रंथमाला-38 | ||
| 942 |
_hR3xC67:g, 152K0 _cTEXL _2CC |
||
| 999 |
_c347568 _d347568 |
||